Statistics for Guess The Lyrics #17

Click here to take the quiz!

General Stats

  • This quiz has been taken 623 times
  • The average score is 175 of 420

Answer Stats

% Correct
a
98%
you
93%
You
93%
The
91%
the
91%
to
82%
me
81%
do
79%
it
79%
he
78%
He
78%
and
77%
And
77%
on
75%
in
73%
go
69%
no
67%
can
65%
For
64%
for
64%
So
64%
they
58%
Give
57%
of
57%
that
57%
if
56%
I'm
55%
all
53%
say
52%
have
50%
know
50%
not
50%
Not
50%
don't
49%
too
48%
will
47%
baby.
45%
it's
44%
up
43%
his
42%
but
41%
But
41%
as
40%
just
39%
Just
39%
At
37%
Oh
37%
get
36%
some
36%
Now
33%
way.
31%
way,
31%
He's
28%
he's
28%
more
28%
Our
28%
any
27%
They're
27%
thing.
27%
thing
27%
guy.
26%
pretty
26%
Yeah
26%
doesn't
25%
fly
25%
girls
25%
white
25%
always
24%
you'll
24%
loves
23%
Well
23%
real.
22%
isn't
21%
done.
20%
didn't
19%
everything
19%
gonna
19%
keep
18%
may
18%
world
18%
mind
17%
really
17%
hard
15%
makes
15%
(Hey!
14%
Hey!)
14%
dos,
13%
kind
13%
looks
13%
today.
13%
tres,
13%
let's
12%
needs
12%
new
12%
play
12%
Uh-huh.
12%
Uno,
12%
gettin'
11%
anyway.
10%
asked
10%
cinco,
10%
clue;
10%
cool
10%
cool,
10%
Friends
10%
least
10%
own
10%
sees
10%
straight
10%
'13',
9%
'31'.
9%
along
9%
denial.
9%
drew
9%
ink
9%
seis.
9%
style.
9%
tattoo.
9%
ass.
8%
cuatro,
8%
lacks
8%
Lake.
8%
trying
8%
brand
7%
field,
7%
hip.
7%
Ice
7%
Ice.
7%
overcompensate.
7%
quite
7%
Ricki
7%
subject
7%
Vanilla
7%
wannabe's.
7%
debate,
6%
fakes
6%
getting
6%
homies
6%
kick
6%
lily
6%
pass.
6%
player
6%
rate,
6%
trip.
6%
twice
6%
bought
5%
cruising
5%
Cube
5%
dopest
5%
Pinto,
5%
suffice.
4%
tunes
4%

Score Distribution

Percentile by Number Answered

Percent of People with Each Score

Your Score History

You have not taken this quiz